[Event "Festival ALEX 50 Anos - Série Prata"]
[Site "Rio de Janeiro"]
[Date "2025.01.10"]
[Round "5.1"]
[White "Valcir, Azevedo"]
[Black "Francisco, Marques De Figueire"]
[Result "1-0"]
[WhiteElo "1441"]
[BlackElo "1730"]
[Annotator "Stockfish 17 - Chessbase"]
[PlyCount "91"]
[EventDate "2025.01.06"]
[EventCountry "BRA"]

1. d4 Nf6 2. Nf3 d6 3. e3 c5 4. c3 e6 $146 ({RR} 4... Nbd7 5. Nbd2 g6 6. Bd3 Bg7 7. O-O O-O 8. Re1 Qc7 9. a4 d5 10. e4 cxd4 11. cxd4 dxe4 12. Nxe4 Nxe4 13. Bxe4 Nf6 14. Bd3 b6 15. h3 Bb7 16. Bd2 Rad8 17. Bc3 Nd5 18. Rc1 Qb8 19. Be4 {Markus,J (2155)-Dgebuadze,A (2558) Hilversum 2012 0-1 (42)}) ({RR} 4... cxd4 5. cxd4 Qb6 6. Nc3 Nc6 7. Be2 d5 8. O-O e6 9. a3 Be7 10. Na4 Qd8 {½-½ (10) Krivoshey,S (2450)-Boidman,Y (2420) Prievidza 1997}) ({RR} 4... b6 5. Nbd2 Bb7 6. Bd3 Nbd7 7. O-O e6 8. e4 Be7 9. Qe2 O-O 10. Rd1 cxd4 11. cxd4 Rc8 12. Nf1 Rc7 13. Bg5 h6 14. Bd2 Qa8 15. Ng3 Rfc8 16. Bc3 a6 17. d5 e5 18. Nf5 Bf8 19. a4 {Vaglio Mattey,E (2155)-Gelman,A (2403) chess.com INT 2024 0-1 (76)}) ({RR} 4... Qb6 5. Bd3 Bg4 6. Nbd2 Nbd7 7. O-O e5 8. dxe5 Nxe5 9. Be2 Bxf3 10. Bxf3 O-O-O 11. Qe2 g5 12. Nc4 Nxc4 13. Qxc4 d5 14. Qa4 h5 15. Bd2 g4 16. Be2 Ne4 17. Rfd1 c4 18. b3 Qf6 19. Be1 {Cuker,D (2124)-Krajnak,J (2065) Slovakia 2011 0-1 (32)}) ({RR} 4... cxd4 5. exd4 Bg4 6. Bb5+ Nbd7 7. O-O a6 8. Bd3 d5 9. Re1 e6 10. Bg5 Be7 11. Nbd2 h6 12. Bh4 O-O 13. h3 Bxf3 14. Nxf3 Nh7 15. Bg3 Ng5 16. Nh2 Nf6 17. Ng4 Nfe4 18. Bh2 Nf6 19. Be5 {Sockel,K (1930)-Liebsch,U (1756) Leverkusen 2002 1-0 (43)}) 5. Bd3 Be7 6. O-O Nbd7 7. Re1 e5 8. e4 O-O 9. Nbd2 a6 10. Nc4 b5 11. Ne3 c4 12. Bc2 Re8 13. d5 g6 14. h3 Nc5 15. Nd2 Bd7 16. b4 Nb7 17. a4 Nh5 18. axb5 axb5 19. Rxa8 Qxa8 20. Bb2 Bg5 21. Nf3 Bf4 22. g4 Ng7 23. Ng2 g5 24. Nxf4 gxf4 25. Nh4 h5 26. gxh5 Qd8 27. Nf5 Bxf5 28. exf5 Qg5+ 29. Qg4 f6 30. Qxg5 fxg5 31. f6 Nxh5 32. Bg6 Rf8 33. f7+ Kg7 34. Bxh5 Rh8 35. Bg4 Nd8 36. Bd7 Nxf7 37. Bxb5 Rxh3 38. Bxc4 f3 39. Bf1 Rh4 40. Re3 e4 41. c4+ Kg6 42. c5 Kf5 43. c6 g4 44. c7 Rh8 45. Ba6 Kg5 46. Bxh8 1-0

[Event "Festival ALEX 50 Anos - Série Ouro"]
[Site "Rio de Janeiro"]
[Date "2025.01.10"]
[Round "5.2"]
[White "Joao, Galetti Carvalho"]
[Black "Eduardo, Moraes Lopes"]
[Result "1/2-1/2"]
[WhiteElo "1873"]
[BlackElo "2051"]
[Annotator "Stockfish 17 - Chessbase"]
[PlyCount "131"]
[EventDate "2025.01.06"]
[EventCountry "BRA"]

{[%evp 0,131,18,20,69,3,19,6,17,-2,-12,-4,10,4,-8,-4,15,-9,-14,-1,-3,2,11,-10,-1,-1,-1,-18,-10,-14,26,-7,-11,-18,-30,-4,-6,-38,-43,-40,-41,-38,-31,-24,-20,-28,-21,-65,-69,-63,-67,-63,-48,-48,-46,-46,-42,-42,-42,-42,-36,-45,-44,-44,-31,-44,-44,-44,-35,-40,-30,-42,-4,-23,-23,0,18,18,30,0,0,0,53,31,35,32,28,0,0,0,83,86,86,88,90,105,90,19,101,65,56,30,30,38,47,47,39,1,1,1,1,1,4,4,100,4,4,0,0,0,4,78,4,4,4,4,79,4,4,2,4,2,2,0]} 1. e4 c5 2. c3 Nf6 3. e5 Nd5 4. Bc4 Nb6 5. Bb3 Nc6 6. Nf3 d5 7. exd6 Qxd6 8. d4 cxd4 9. cxd4 Be6 10. O-O Bxb3 11. Qxb3 ({RR} 11. axb3 e6 12. Nbd2 Qd5 13. Qe2 Be7 14. Nc4 O-O 15. Be3 Qb5 16. Qc2 Nb4 17. Qe4 Qd5 18. Ng5 Bxg5 19. Qxd5 N6xd5 20. Bxg5 Nc6 21. Rfd1 f6 22. Be3 Rfd8 23. g4 Rd7 24. Kg2 Rad8 25. Kf3 Nde7 {Mamedov,R (2657)-Gelfand,B (2741) Berlin 2015 0-1 (67)}) 11... e6 12. Nc3 Qb4 13. Be3 $146 ({RR} 13. Qc2 Rd8 14. a3 Qd6 15. Ne4 Qb8 16. Be3 Be7 17. b4 Bd6 18. Rad1 Nd5 19. Nc5 Rc8 20. Qe4 Nf6 21. Qh4 Ne7 22. Ne5 Nf5 23. Qh3 Nxe3 24. Qxe3 b6 25. Qg5 Bf8 26. Ncd3 Nd5 27. Rfe1 Qb7 {Hangweyrer,M (2355)-Buss,R (2270) St Poelten 2002 1-0 (34)}) ({RR} 13. Rd1 Rd8 14. Be3 Qxb3 15. axb3 f6 16. Nd2 Nd5 17. Nc4 Bb4 18. Ne4 Kf7 19. Nc5 b6 20. Nd3 Rd7 21. Rac1 Nce7 22. Nce5+ fxe5 23. Nxe5+ Ke8 24. Nxd7 Kxd7 25. Bg5 Nf5 26. g4 Nd6 27. Kg2 Rf8 {Plat,V (2506)-Santos Latasa,J (2628) chess.com INT 2024 0-1}) ({RR} 13. Qc2 Rd8 14. Be3 Be7 15. a3 Qd6 16. Nb5 Qb8 17. Ne5 Rc8 18. Qe4 Nd5 19. Qg4 Nxe5 20. dxe5 Qxe5 21. Bd4 h5 22. Qxg7 Qxg7 23. Bxg7 Rg8 24. Bd4 Nf4 25. Kh1 a6 26. Rac1 Kd7 27. Be3 Nd5 {Fornari,G (2076)-Guerra,U (1914) Madonna di Campiglio 1988 1-0 (48)}) ({RR} 13. Qc2 Rd8 14. Be3 Be7 15. Rac1 O-O 16. Ne4 h6 17. a3 Qb5 18. Qb1 Nd5 19. Nc5 Bxc5 20. Rxc5 {½-½ (20) Krahe,F (2173)-Perlitz,S (2096) Hessen 2015}) 13... Qxb3 14. axb3 a6 15. Ne5 Nb4 16. Nc4 N6d5 17. Nxd5 Nxd5 18. Rfc1 Bb4 19. Bd2 Bxd2 20. Nxd2 Kd7 21. Ne4 b6 22. Rc2 Rhc8 23. Rac1 Rxc2 24. Rxc2 h6 25. Kf1 Ra7 26. Ke2 Rc7 27. Nc3 b5 28. Kd2 Nb4 29. Rc1 f5 30. Re1 Kd6 31. h4 Nc6 32. Kd3 Nb4+ 33. Kd2 g6 34. g3 Rg7 35. Ne2 Nd5 36. Ra1 Ra7 37. Nc3 Nxc3 38. bxc3 a5 39. c4 bxc4 40. bxc4 g5 41. hxg5 hxg5 42. f4 g4 43. c5+ Kd5 44. Kc3 Rh7 45. Re1 Rh6 46. Re5+ Kc6 47. Kc4 Kd7 48. Kb5 a4 49. Kxa4 Rh1 50. d5 exd5 51. Rxd5+ Kc6 52. Rxf5 Rg1 53. Rg5 Rxg3 54. Kb4 Rg1 55. Rg6+ Kc7 56. f5 Rf1 57. f6 g3 58. Rg7+ Kc6 59. f7 g2 60. Rg6+ Kc7 61. Kb5 Rxf7 62. Rxg2 Rh7 63. Ra2 Rh6 64. Ra7+ Kc8 65. c6 Rh1 66. Ra5 1/2-1/2

[Event "Festival ALEX 50 Anos - Série Prata"]
[Site "Rio de Janeiro"]
[Date "2025.01.10"]
[Round "5.2"]
[White "Jose, Eduardo Marques Kre"]
[Black "Daniel, Cancio Eidelman"]
[Result "0-1"]
[WhiteElo "1648"]
[BlackElo "1603"]
[Annotator "Stockfish 17 - Chessbase"]
[PlyCount "94"]
[EventDate "2025.01.06"]
[EventCountry "BRA"]

1. e4 c5 2. Nf3 Nc6 3. c3 d5 4. exd5 Qxd5 5. Na3 Qe4+ ({RR} 5... Bg4 6. Be2 Nf6 7. O-O e6 8. Nc2 Qd7 9. Ne3 Bxf3 10. Bxf3 Be7 11. Nc4 O-O 12. a4 Rfd8 13. a5 Rac8 14. Qa4 Bf8 15. Rd1 Qd3 16. Re1 Qd7 17. Rd1 Qd3 {½-½ (17) Perez Pietronave,C (2337)-Scarella,E (2358) Argentina 2000}) 6. Be2 ({RR} 6. Qe2 Qxe2+ 7. Bxe2 Nf6 8. Nb5 Kd8 9. d4 a6 10. Na3 cxd4 11. Nxd4 e5 12. Nxc6+ bxc6 13. Bg5 Be7 14. O-O-O+ Bd7 15. Bxf6 Bxf6 16. Bg4 Ra7 17. Nc4 h5 18. Bh3 g5 19. Bf5 Ke8 20. Nd6+ Kf8 {Bodnar,M-Indig,A Budapest 2010 1-0 (32)}) 6... a6 $146 ({RR} 6... e5 7. O-O Be7 8. Re1 Qg6 9. Bb5 Bh3 10. g3 O-O-O 11. Qa4 Bd7 12. Nxe5 Nxe5 13. Rxe5 Bxb5 14. Qxb5 a6 15. Qf1 Bd6 16. Re1 f5 17. Nc4 Bc7 18. Ne5 Qf6 19. d4 cxd4 20. cxd4 Rxd4 21. Nf3 {Rivero Ojeda,C (2259)-Schulz,S (2070) Cork 2005 1-0}) 7. O-O g6 8. Re1 Qd5 9. Nc4 Qd8 10. a4 Nf6 11. a5 Bh6 12. Nb6 Rb8 13. d3 Bxc1 14. Qxc1 O-O 15. h3 Kg7 16. Qc2 Nxa5 17. Nxc8 Rxc8 18. Qa4 Nc6 19. Qh4 Qd6 20. Rad1 b5 21. d4 cxd4 22. Nxd4 Nxd4 23. Rxd4 Qb6 24. Red1 Rfd8 25. Kf1 Rxd4 26. Rxd4 Rd8 27. Qf4 Rxd4 28. cxd4 Qd6 29. Qxd6 exd6 30. Bd3 Nd7 31. Ke2 Kf6 32. f4 Ke6 33. g4 Kd5 34. Ke3 f6 35. Be4+ Kc4 36. Bc2 d5 37. h4 a5 38. Bd3+ Kb4 39. Kd2 Nb8 40. Ke3 h6 41. Kd2 g5 42. hxg5 hxg5 43. f5 Nd7 44. Kc2 a4 45. Be2 Nb6 46. Bd3 Nc4 47. Bxc4 Kxc4 0-1

[Event "Festival ALEX 50 Anos - Série Ouro"]
[Site "Rio de Janeiro"]
[Date "2025.01.10"]
[Round "5.3"]
[White "Adnilton, Correia De Almeida "]
[Black "Ian, Telek Cavalcanti De"]
[Result "0-1"]
[WhiteElo "1685"]
[BlackElo "2272"]
[Annotator "Stockfish 17 - Chessbase"]
[PlyCount "56"]
[EventDate "2025.01.06"]
[EventCountry "BRA"]

1. d4 Nf6 2. Nf3 c5 3. e3 g6 4. Nc3 Bg7 5. Bc4 ({RR} 5. dxc5 Qa5 6. Qd4 Nc6 7. Qc4 Ne4 8. Qxe4 Bxc3+ 9. Nd2 Bxd2+ 10. Bxd2 Qxc5 11. c4 d6 12. Bc3 Bf5 13. Qd5 O-O 14. Qd2 a5 15. Be2 Rfd8 16. O-O d5 17. cxd5 Rxd5 18. Qc1 Be4 19. Rd1 Rad8 {Burmakin,V (2530)-Sermek,D (2520) Portoroz 1994 ½-½ (52)}) ({RR} 5. h4 cxd4 6. exd4 d5 7. Bf4 a6 8. Be2 Nc6 9. Ne5 Qb6 10. Nxc6 bxc6 11. Rb1 Qb4 12. a3 Qa5 13. Qd2 h5 14. O-O Bg4 15. Rfe1 Qd8 16. f3 Bf5 17. Bd3 Bxd3 18. Qxd3 e6 19. Be5 O-O {Amir,Z (1708)-Lim,M (1860) Peterborough ENG 2024 ½-½}) 5... O-O 6. a3 b6 7. Ne2 $146 ({RR} 7. e4 cxd4 8. Nxd4 Bb7 9. Bd3 d5 10. e5 Ne4 {½-½ (10) Budyi,D (2114)-De Reymaeker,W (1788) Arco ITA 2023}) ({RR} 7. e4 cxd4 8. Nxd4 Bb7 9. Bd3 d5 10. e5 Ne4 {½-½ (10) Budyi,D (2114)-De Reymaeker,W (1788) Arco ITA 2023}) 7... Bb7 8. Ng3 d5 9. Bb5 Nc6 10. c3 Qc7 11. h4 a6 12. Ba4 h5 13. Ne2 Rad8 14. Kf1 Ng4 15. Kg1 e5 16. Ng5 Rfe8 17. Rh3 Re7 18. b4 b5 19. Bb3 cxd4 20. cxd4 exd4 21. Bb2 dxe3 22. Bxg7 exf2+ 23. Kh1 Kxg7 24. Rc1 Qe5 25. Rc2 Nd4 26. Nf3 Nxf3 27. gxf3 Ne3 28. f4 Qe4+ 0-1

[Event "Festival ALEX 50 Anos - Série Prata"]
[Site "Rio de Janeiro"]
[Date "2025.01.10"]
[Round "5.4"]
[White "Michel, Klem Chaves Carreir"]
[Black "Wagner, Dias Fernandes"]
[Result "1-0"]
[WhiteElo "1474"]
[BlackElo "1705"]
[Annotator "Stockfish 17 - Chessbase"]
[PlyCount "99"]
[EventDate "2025.01.06"]
[EventCountry "BRA"]

1. c4 c5 2. g3 Nc6 3. Bg2 g6 4. e4 ({RR} 4. h4 Nf6 5. Nc3 Bg7 6. Nh3 h6 7. Nf4 d6 8. a3 O-O 9. d3 Bg4 10. Rb1 Rc8 11. Bd2 b6 12. Ncd5 Nxd5 13. cxd5 Ne5 14. Bc3 b5 15. Qd2 Qb6 16. b3 Qa6 17. Ra1 Rc7 18. O-O h5 {Pantsulaia,L (2617)-Andreikin,D (2580) Plovdiv 2008 0-1 (35)}) ({RR} 4. Nf3 h5 5. h4 d6 6. O-O Bg7 7. Nc3 Nf6 8. d4 cxd4 9. Nxd4 Bd7 10. b3 O-O 11. e3 Bg4 12. Qd3 Nxd4 13. exd4 Qd7 14. Bb2 d5 15. Nxd5 Nxd5 16. Bxd5 e6 17. Be4 Rfd8 18. Rac1 Bxd4 {Minina,V (2057)-Sloan Aravena,P (2087) chess.com INT 2024 1-0}) 4... e5 5. d3 $146 ({RR} 5. Ne2 Bg7 6. O-O d6 7. d3 Nge7 8. h3 O-O 9. Nbc3 a6 10. f4 Rb8 11. a4 Be6 12. g4 f5 13. exf5 gxf5 14. g5 e4 15. dxe4 Bxc4 16. exf5 Nxf5 17. Bd5+ Bxd5 18. Nxd5 Ncd4 19. Nxd4 Bxd4+ {Ataiev,A (2264)-Shmat,S (2076) Kiev 2007 0-1 (39)}) 5... d6 6. Ne2 Be7 7. O-O h5 8. h4 Bd7 9. Nbc3 a6 10. a3 Qc8 11. Nd5 Qd8 12. Nec3 Nd4 13. Nxe7 Qxe7 14. Nd5 Qd8 15. Be3 Bc6 16. Bxd4 Bxd5 17. Bxe5 dxe5 18. exd5 Rb8 19. Qd2 f6 20. f4 Qd6 21. Rae1 Ne7 22. fxe5 fxe5 23. Qe3 Rf8 24. Rxf8+ Kxf8 25. Qxe5 Qxe5 26. Rxe5 b6 27. Re6 Kf7 28. Re2 b5 29. Bh3 bxc4 30. dxc4 Rb3 31. Kf2 a5 32. d6 Nc6 33. d7 Rd3 34. Re3 Rd2+ 35. Re2 Rd3 36. Bg2 Nd8 37. Bd5+ Kf6 38. Re8 Nf7 39. d8=Q+ Nxd8 40. Rxd8 Rd2+ 41. Ke1 Rxb2 42. Ra8 Rb3 43. Rxa5 Rxg3 44. Rxc5 Rxa3 45. Rc6+ Kg7 46. Bg2 Rg3 47. Bd5 Rh3 48. c5 Rxh4 49. Rd6 Rd4 50. c6 1-0